[Event "Wch Seniors 50 27th"]
[Site "Acqui Terme"]
[Date "2017.11.16"]
[Round "9"]
[White "Welling, Gerard J"]
[Black "Larsen, Peter"]
[Result "1-0"]
[WhiteElo "2316"]
[BlackElo "2286"]
[PlyCount "101"]
[EventDate "2017.11.07"]
[EventType "swiss"]
[EventRounds "11"]
[EventCountry "ITA"]
[SourceTitle "CBM 181 Extra"]
[Source "ChessBase"]
[SourceDate "2017.12.12"]
[SourceVersion "1"]
[SourceVersionDate "2017.12.12"]
[SourceQuality "1"]

1. d4 Nf6 2. Nf3 g6 3. Nc3 d5 4. Bf4 Bg7 5. e3 0-0 6. Be2 c5 7. Ne5 cxd4 8. exd4 Nc6 9. 0-0 Qb6 10. Nxc6 Qxc6 11. Re1 e6 12. Bb5 Qb6 13. a4 Ne4 14. a5 Qxd4 15. Qxd4 Bxd4 16. Nxe4 dxe4 17. c3 Bf6 18. Bc7 e5 19. Rxe4 Bf5 20. Ree1 Rfc8 21. Bxe5 Rc5 22. Bxf6 Rxb5 23. b4 Be6 24. Rad1 Rf5 25. Bd4 Rd5 26. Bc5 Rxd1 27. Rxd1 a6 28. Rd6 g5 29. h3 Rc8 30. Kh2 h6 31. g4 Kh7 32. Kg3 Rc6 33. Rd2 Kg6 34. h4 h5 35. gxh5+ Kxh5 36. hxg5 Kxg5 37. Rd4 Rc7 38. Re4 Kf5 39. Rf4+ Ke5 40. f3 Rd7 41. Re4+ Kf5 42. Bd4 Rd8 43. Rf4+ Kg6 44. Rf6+ Kh7 45. Rf4 Kg6 46. Rh4 Kg5 47. Be3+ Kg6 48. Rh6+ Kg7 49. Rh5 Rd3 50. Bd4+ Kf8 51. Bf6 1-0

[Event "Wch Seniors 50 27th"]
[Site "Acqui Terme"]
[Date "2017.11.12"]
[Round "6"]
[White "Larsen, Peter"]
[Black "Chan, Peng Kong"]
[Result "1-0"]
[WhiteElo "2286"]
[BlackElo "2172"]
[PlyCount "21"]
[EventDate "2017.11.07"]
[EventType "swiss"]
[EventRounds "11"]
[EventCountry "ITA"]
[SourceTitle "CBM 181 Extra"]
[Source "ChessBase"]
[SourceDate "2017.12.12"]
[SourceVersion "1"]
[SourceVersionDate "2017.12.12"]
[SourceQuality "1"]

1. e4 c5 2. Nf3 e6 3. d4 cxd4 4. Nxd4 a6 5. Bd3 Bc5 6. Be3 Qb6 7. c3 Qxb2 8. 0-0 Nc6 9. Nb3 Bxe3 10. fxe3 Nf6 11. Rf2 1-0

[Event "Wch Seniors 50 27th"]
[Site "Acqui Terme"]
[Date "2017.11.09"]
[Round "3"]
[White "Prie, Eric"]
[Black "Larsen, Peter"]
[Result "1-0"]
[WhiteElo "2482"]
[BlackElo "2286"]
[PlyCount "61"]
[EventDate "2017.11.07"]
[EventType "swiss"]
[EventRounds "11"]
[EventCountry "ITA"]
[SourceTitle "CBM 181 Extra"]
[Source "ChessBase"]
[SourceDate "2017.12.12"]
[SourceVersion "1"]
[SourceVersionDate "2017.12.12"]
[SourceQuality "1"]

1. d4 Nf6 2. Nf3 g6 3. Nc3 d5 4. Bf4 c6 5. e3 Qb6 6. a3 Bg7 7. Bd3 Bg4 8. h3 Bxf3 9. Qxf3 Qxb2 10. Kd2 Qb6 11. Rhb1 Qa5 12. Rxb7 Nbd7 13. Bc7 Nb6 14. Rb1 Nfd7 15. Rb3 0-0 16. Bxb6 Nxb6 17. Rxe7 Na4 18. Qf4 c5 19. Qc7 Qxc7 20. Rxc7 c4 21. Nxa4 cxb3 22. cxb3 Rfc8 23. Rxc8+ Rxc8 24. Nc3 Bf8 25. b4 Rd8 26. Ba6 Kg7 27. Bb7 a5 28. bxa5 Bd6 29. a6 Bb8 30. Nxd5 f5 31. Nb4 1-0

[Event "DEN-ch Seniors 50+"]
[Site "Logumkloster"]
[Date "2017.02.18"]
[Round "7"]
[White "Larsen, Peter"]
[Black "Christiansen, Arne"]
[Result "1-0"]
[WhiteElo "2282"]
[BlackElo "2061"]
[PlyCount "57"]
[EventDate "2017.02.12"]
[EventType "swiss"]
[EventRounds "7"]
[EventCountry "DEN"]
[SourceTitle "EXT 2018"]
[Source "ChessBase"]
[SourceDate "2017.10.13"]
[SourceVersion "1"]
[SourceVersionDate "2017.10.13"]
[SourceQuality "1"]

1. e4 e5 2. Bc4 Nf6 3. d3 Nc6 4. Nc3 d6 5. a3 Be7 6. f4 exf4 7. Bxf4 0-0 8. Qd2 Be6 9. Bd5 Bxd5 10. exd5 Ne5 11. h3 Nh5 12. Bxe5 dxe5 13. Nf3 Bh4+ 14. Nxh4 Qxh4+ 15. Qf2 Qxf2+ 16. Kxf2 Rad8 17. Rhe1 Rfe8 18. d4 f6 19. Nb5 a6 20. Nxc7 Re7 21. Ne6 Rxd5 22. c4 Rdd7 23. d5 g6 24. Rad1 b6 25. b4 Ng7 26. Nc7 Rxc7 27. d6 Rxc4 28. dxe7 Rc7 29. Rd6 1-0

[Event "DEN-ch Seniors 50+"]
[Site "Logumkloster"]
[Date "2017.02.12"]
[Round "1"]
[White "Larsen, Peter"]
[Black "Matras, Ove"]
[Result "1-0"]
[WhiteElo "2282"]
[BlackElo "1828"]
[PlyCount "67"]
[EventDate "2017.02.12"]
[EventType "swiss"]
[EventRounds "7"]
[EventCountry "DEN"]
[SourceTitle "EXT 2018"]
[Source "ChessBase"]
[SourceDate "2017.10.13"]
[SourceVersion "1"]
[SourceVersionDate "2017.10.13"]
[SourceQuality "1"]

1. d4 g6 2. e4 d6 3. f4 Bg7 4. Nf3 c6 5. Bd3 Nf6 6. 0-0 Qc7 7. Re1 Bg4 8. e5 Nd5 9. c3 Nd7 10. h3 Bxf3 11. Qxf3 e6 12. f5 dxe5 13. fxe6 fxe6 14. Bg5 N5f6 15. dxe5 Nxe5 16. Qg3 Nfd7 17. Bc4 Qb6+ 18. Kh2 c5 19. Nd2 0-0 20. Bb3 Kh8 21. Re4 Rac8 22. Rae1 c4 23. Nxc4 Nxc4 24. Bxc4 Qxb2 25. Bxe6 Nc5 26. R4e2 Qxc3 27. Bxc8 Qxg3+ 28. Kxg3 Nd3 29. Bxb7 Nxe1 30. Rxe1 Bd4 31. Bf4 Bf2+ 32. Kxf2 Rxf4+ 33. Bf3 Rf7 34. Ra1 1-0

[Event "DEN-chT 1617 55th"]
[Site "Denmark"]
[Date "2017.01.08"]
[Round "5.5"]
[White "Larsen, Peter"]
[Black "Rasmussen, Karsten"]
[Result "1-0"]
[WhiteElo "2251"]
[BlackElo "2447"]
[PlyCount "127"]
[EventDate "2016.10.29"]
[EventType "team-tourn"]
[EventRounds "9"]
[EventCountry "DEN"]
[SourceTitle "EXT 2018"]
[Source "ChessBase"]
[SourceDate "2017.10.13"]
[SourceVersion "1"]
[SourceVersionDate "2017.10.13"]
[SourceQuality "1"]
[WhiteTeam "Valby K41"]
[BlackTeam "Aarhus/Skolerne"]
[WhiteTeamCountry "DEN"]
[BlackTeamCountry "DEN"]

1. e4 c6 2. d4 d5 3. e5 Bf5 4. h4 h5 5. Bd3 Bxd3 6. Qxd3 e6 7. Bg5 Qa5+ 8. Nd2 Qa6 9. c4 Bb4 10. b3 Qa3 11. Ngf3 dxc4 12. Qxc4 Ne7 13. Bxe7 Bxe7 14. 0-0 Nd7 15. Ne4 Nb6 16. Qe2 0-0-0 17. Rfd1 Rd7 18. Nfg5 Bxg5 19. Nxg5 g6 20. Rd3 Kb8 21. Rf3 Qb4 22. Nxf7 Qxd4 23. Nxh8 Qxa1+ 24. Kh2 Qb1 25. Rf8+ Kc7 26. Rf6 Nd5 27. Rf7 Rxf7 28. Nxf7 Qf5 29. Nd6 Qf4+ 30. g3 Qd4 31. Nf7 Nf4 32. Qf3 Nd3 33. Ng5 Qxf2+ 34. Qxf2 Nxf2 35. Nxe6+ Kc8 36. Kg2 Nd3 37. Kf3 Nxe5+ 38. Ke4 Nf7 39. Nf4 g5 40. Nxh5 gxh4 41. gxh4 Kd7 42. Ng3 Ke6 43. Ne2 Kf6 44. Kf4 Ne5 45. Nc3 Nd3+ 46. Ke3 Ne1 47. Ne4+ Kg6 48. Nd6 Ng2+ 49. Kd4 Nxh4 50. Nxb7 Nf3+ 51. Kc5 Kf5 52. Nd8 Ne5 53. Nxc6 Nd3+ 54. Kc4 Nc1 55. a4 Ke6 56. Nxa7 Kd7 57. Nb5 Ne2 58. Nc3 Nf4 59. b4 Kc6 60. b5+ Kb7 61. a5 Ne6 62. Ne4 Nc7 63. b6 Ne6 64. Nc5+ 1-0

[Event "DEN-chT 1617 55th"]
[Site "Denmark"]
[Date "2017.01.07"]
[Round "4.5"]
[White "Larsen, Peter"]
[Black "Thogersen, Rasmus"]
[Result "1-0"]
[WhiteElo "2251"]
[BlackElo "2122"]
[PlyCount "97"]
[EventDate "2016.10.29"]
[EventType "team-tourn"]
[EventRounds "9"]
[EventCountry "DEN"]
[SourceTitle "EXT 2018"]
[Source "ChessBase"]
[SourceDate "2017.10.13"]
[SourceVersion "1"]
[SourceVersionDate "2017.10.13"]
[SourceQuality "1"]
[WhiteTeam "Valby K41"]
[BlackTeam "Jetsmark"]
[WhiteTeamCountry "DEN"]
[BlackTeamCountry "DEN"]

1. e4 c5 2. Nc3 a6 3. g3 b5 4. a4 b4 5. Nd5 e6 6. Ne3 Bb7 7. Bg2 Nf6 8. d3 Be7 9. f4 d5 10. e5 Nfd7 11. c4 bxc3 12. bxc3 Nc6 13. Nf3 0-0 14. d4 cxd4 15. cxd4 Bb4+ 16. Bd2 Qa5 17. Rb1 Bxd2+ 18. Qxd2 Rab8 19. f5 Ba8 20. Qxa5 Rxb1+ 21. Ke2 Rb2+ 22. Qd2 Rxd2+ 23. Kxd2 Rb8 24. fxe6 fxe6 25. Bh3 Nf8 26. Ra1 Na5 27. Ra2 Bc6 28. Bf1 Rb6 29. Nd1 h6 30. Rb2 Nb3+ 31. Ke1 Rb4 32. Bxa6 Nxd4 33. Rxb4 Nc2+ 34. Kd2 Nxb4 35. Bb5 Bb7 36. Kc3 Nc6 37. Bxc6 Bxc6 38. Kb4 Kf7 39. Nd4 Ba8 40. Kc5 Nd7+ 41. Kd6 Nb6 42. Nb2 Nc4+ 43. Nxc4 dxc4 44. Nb5 Bd5 45. a5 Kg6 46. a6 Kf5 47. a7 Ba8 48. g4+ Kxg4 49. Kxe6 1-0

[Event "Wch Seniors 50 26th"]
[Site "Marianske Lazne"]
[Date "2016.11.24"]
[Round "6"]
[White "Larsen, Peter"]
[Black "Agusto, Obafunmilayo"]
[Result "1-0"]
[WhiteElo "2248"]
[BlackElo "2144"]
[PlyCount "73"]
[EventDate "2016.11.19"]
[EventType "swiss"]
[EventRounds "11"]
[EventCountry "CZE"]
[SourceTitle "CBM 175 Extra"]
[Source "ChessBase"]
[SourceDate "2016.12.12"]
[SourceVersion "1"]
[SourceVersionDate "2016.12.12"]
[SourceQuality "1"]

1. e4 c5 2. Nc3 d6 3. f4 Nf6 4. Nf3 e6 5. g3 Be7 6. Bg2 Nc6 7. d4 cxd4 8. Nxd4 Qb6 9. Nb3 a5 10. Qe2 a4 11. Be3 Qb4 12. a3 axb3 13. axb4 Rxa1+ 14. Kf2 Rxh1 15. Bxh1 bxc2 16. h3 0-0 17. Na2 d5 18. Qxc2 Nxe4+ 19. Bxe4 dxe4 20. b5 Nb8 21. Qxe4 Nd7 22. Nc3 Rd8 23. Qc4 Nf6 24. Bb6 Re8 25. Bc5 Bxc5+ 26. Qxc5 e5 27. fxe5 Nd7 28. Qc7 Nxe5 29. g4 f5 30. g5 f4 31. Nd5 Bxh3 32. Nxf4 Bd7 33. Qxb7 Bf5 34. Qd5+ Kh8 35. Kg3 Bg6 36. Nxg6+ Nxg6 37. b6 1-0

[Event "Wch Seniors 50 26th"]
[Site "Marianske Lazne"]
[Date "2016.11.23"]
[Round "5"]
[White "Chapman, Terry PD"]
[Black "Larsen, Peter"]
[Result "1-0"]
[WhiteElo "2220"]
[BlackElo "2248"]
[PlyCount "95"]
[EventDate "2016.11.19"]
[EventType "swiss"]
[EventRounds "11"]
[EventCountry "CZE"]
[SourceTitle "CBM 175 Extra"]
[Source "ChessBase"]
[SourceDate "2016.12.12"]
[SourceVersion "1"]
[SourceVersionDate "2016.12.12"]
[SourceQuality "1"]

1. Nf3 c5 2. c4 Nf6 3. d4 cxd4 4. Nxd4 e5 5. Nb5 d5 6. cxd5 Bc5 7. N5c3 0-0 8. g3 Qb6 9. e3 Bg4 10. Be2 Bxe2 11. Qxe2 e4 12. a3 Re8 13. Nd2 Nbd7 14. b4 Bf8 15. Bb2 Ne5 16. Ndxe4 Nxe4 17. Nxe4 Bxb4+ 18. Kf1 Qg6 19. f3 Ba5 20. Nf2 Bb6 21. Kg2 Nd7 22. e4 f5 23. e5 f4 24. Nd3 fxg3 25. hxg3 Nf6 26. Nf4 Qf5 27. Rad1 Rac8 28. Rd3 Rc5 29. Bd4 Ra5 30. Bc3 Rxa3 31. Qb2 Ra4 32. Qc2 Rxf4 33. exf6 Qg6 34. Qd2 Ra4 35. d6 gxf6 36. d7 Rd8 37. Rh6 Qf5 38. Rxf6 Qc5 39. Qe1 Ra2+ 40. Bd2 Kg7 41. Rfd6 Kf8 42. R3d5 Qe3 43. Qb1 Bc7 44. Qf5+ Kg8 45. Rg6+ hxg6 46. Qxg6+ Kf8 47. Rf5+ Ke7 48. Rf7# 1-0

[Event "DEN-chT 1617 55th"]
[Site "Denmark"]
[Date "2016.11.20"]
[Round "3.3"]
[White "Larsen, Peter"]
[Black "Sylvan, Jacob"]
[Result "0-1"]
[WhiteElo "2251"]
[BlackElo "2371"]
[PlyCount "124"]
[EventDate "2016.10.29"]
[EventType "team-tourn"]
[EventRounds "9"]
[EventCountry "DEN"]
[SourceTitle "EXT 2018"]
[Source "ChessBase"]
[SourceDate "2017.10.13"]
[SourceVersion "1"]
[SourceVersionDate "2017.10.13"]
[SourceQuality "1"]
[WhiteTeam "Valby K41"]
[BlackTeam "Nordkalotten"]
[WhiteTeamCountry "DEN"]
[BlackTeamCountry "DEN"]

1. e4 c5 2. Nc3 Nc6 3. Bb5 Nd4 4. Bc4 a6 5. Nf3 b5 6. Bd5 Rb8 7. Nxd4 cxd4 8. Ne2 Nf6 9. Bb3 Nxe4 10. Nxd4 e6 11. c3 Bb7 12. Nf3 Ng5 13. Nh4 Qf6 14. Qg4 Qe5+ 15. Qe2 Qf4 16. g3 Qf6 17. Rf1 Nf3+ 18. Nxf3 Bxf3 19. Qe3 Be7 20. d4 0-0 21. Qf4 Rfc8 22. Qxf6 Bxf6 23. Bf4 Rb6 24. Kd2 d6 25. Rfc1 g5 26. Be3 d5 27. Bd1 Bxd1 28. Kxd1 b4 29. cxb4 Rxc1+ 30. Rxc1 Rxb4 31. Rc8+ Kg7 32. Kc2 Bxd4 33. Bxd4+ Rxd4 34. b3 Rb4 35. Rc6 a5 36. a3 Rb8 37. Kc3 d4+ 38. Kc4 Rd8 39. Kd3 Rd5 40. Rc4 e5 41. Ke4 Rb5 42. b4 axb4 43. axb4 Kg6 44. Rc6+ f6 45. f4 exf4 46. gxf4 d3 47. f5+ Rxf5 48. Kxd3 Rf2 49. Rc1 Rb2 50. Kc3 Rxh2 51. b5 Re2 52. b6 Re7 53. Kd4 h5 54. Rb1 Rb7 55. Ke4 h4 56. Rb2 h3 57. Kf3 f5 58. Kg3 g4 59. Rb1 Kh5 60. Rb2 f4+ 61. Kxf4 Kh4 62. Kf5 g3 0-1

[Event "DEN-chT 1617 55th"]
[Site "Denmark"]
[Date "2016.10.29"]
[Round "1.5"]
[White "Aabling Thomsen, Jakob"]
[Black "Larsen, Peter"]
[Result "0-1"]
[WhiteElo "2380"]
[BlackElo "2251"]
[PlyCount "128"]
[EventDate "2016.10.29"]
[EventType "team-tourn"]
[EventRounds "9"]
[EventCountry "DEN"]
[SourceTitle "EXT 2018"]
[Source "ChessBase"]
[SourceDate "2017.10.13"]
[SourceVersion "1"]
[SourceVersionDate "2017.10.13"]
[SourceQuality "1"]
[WhiteTeam "Bronshoj"]
[BlackTeam "Valby K41"]
[WhiteTeamCountry "DEN"]
[BlackTeamCountry "DEN"]

1. Nf3 c5 2. g3 b6 3. Bg2 Bb7 4. 0-0 g6 5. d4 cxd4 6. Qxd4 Nf6 7. c4 Bg7 8. Nc3 0-0 9. Qh4 d6 10. Bh6 Nbd7 11. Rac1 Rc8 12. Nb5 Bxf3 13. exf3 a6 14. Bxg7 Kxg7 15. Nc3 Qc7 16. b3 Qc5 17. f4 h6 18. Rfd1 b5 19. Bb7 Rc7 20. Bxa6 b4 21. Na4 Qa7 22. Bb5 Ne4 23. Rc2 Ndf6 24. Qh3 d5 25. Qg2 Nd6 26. Rxd5 Nxd5 27. Qxd5 Nxb5 28. Qxb5 Rd8 29. Qxb4 Rd1+ 30. Kg2 Qa8+ 31. f3 Rd3 32. Rf2 Qc8 33. Qe1 Qd8 34. Nc3 Rc5 35. Nd5 Kf8 36. Qe2 Rdxd5 37. cxd5 Rxd5 38. Qb2 Kg8 39. b4 g5 40. fxg5 hxg5 41. b5 Qa5 42. b6 Rb5 43. Qd4 Qxb6 44. Qg4 Kf8 45. Re2 Rb1 46. Qc8+ Kg7 47. Qc3+ Kg8 48. Rf2 Qb5 49. Qd4 f6 50. a4 Qb7 51. Qc4+ Kg7 52. Qa2 g4 53. Qe2 Rb3 54. Qf1 e5 55. h3 f5 56. hxg4 fxg4 57. Qc1 gxf3+ 58. Kh3 Kg6 59. g4 e4 60. Qc5 Rb6 61. Qf5+ Kg7 62. g5 Qe7 63. Kh4 e3 64. Rxf3 e2 0-1

[Event "Helsingor Xtracon op"]
[Site "Helsingor"]
[Date "2016.07.31"]
[Round "10"]
[White "Nielsen, Thomas Bach"]
[Black "Larsen, Peter"]
[Result "1/2-1/2"]
[WhiteElo "2103"]
[BlackElo "2265"]
[PlyCount "133"]
[EventDate "2016.07.23"]
[EventType "swiss"]
[EventRounds "10"]
[EventCountry "DEN"]
[SourceTitle "CBM 173 Extra"]
[Source "ChessBase"]
[SourceDate "2016.08.29"]
[SourceVersion "1"]
[SourceVersionDate "2016.08.29"]
[SourceQuality "1"]

1. d4 d5 2. c4 c6 3. cxd5 cxd5 4. Nf3 Nf6 5. Nc3 Nc6 6. Bf4 Bf5 7. e3 e6 8. Ne5 Bd6 9. Bb5 Bxe5 10. Bxc6+ bxc6 11. Bxe5 Ne4 12. g4 Qh4 13. Nxe4 Bxe4 14. Rg1 0-0 15. Bg3 Qd8 16. f3 Qa5+ 17. Kf2 Bg6 18. h4 f6 19. h5 Be8 20. Qe1 Qb6 21. Qc3 Rd8 22. b4 f5 23. Be5 Rd7 24. h6 fxg4 25. Rxg4 Bh5 26. hxg7 Rf5 27. Rf4 Rdf7 28. Rc1 Qd8 29. Qxc6 Rxf4 30. exf4 Qh4+ 31. Ke3 Re7 32. Rf1 Qh3 33. Rf2 Qh1 34. Qc8+ Re8 35. Qc3 Bg6 36. Ke2 h5 37. Qe1 Qh3 38. Qg1 Kh7 39. Qg5 Rc8 40. g8Q+ Rxg8 41. Qe7+ Kh6 42. Bf6 h4 43. Bxh4 Rc8 44. Bg5+ Kh5 45. f5 exf5 46. Bf4 Re8 47. Qxe8 Bxe8 48. Rh2 Bb5+ 49. Ke3 Qxh2 50. Bxh2 Kg5 51. Bc7 a6 52. Bd8+ Kg6 53. Kf4 Be2 54. a4 Kf7 55. Kxf5 Ke8 56. Bg5 Bxf3 57. Ke6 Bg4+ 58. Kxd5 Bd7 59. b5 axb5 60. a5 b4 61. a6 Bc8 62. a7 Bb7+ 63. Kd6 b3 64. Bc1 Kd8 65. d5 Kc8 66. Bb2 Bxd5 67. Kxd5 1/2-1/2

[Event "Helsingor Xtracon op"]
[Site "Helsingor"]
[Date "2016.07.29"]
[Round "8"]
[White "Holm, Ragnar"]
[Black "Larsen, Peter"]
[Result "0-1"]
[WhiteElo "2104"]
[BlackElo "2265"]
[PlyCount "96"]
[EventDate "2016.07.23"]
[EventType "swiss"]
[EventRounds "10"]
[EventCountry "DEN"]
[SourceTitle "CBM 173 Extra"]
[Source "ChessBase"]
[SourceDate "2016.08.29"]
[SourceVersion "1"]
[SourceVersionDate "2016.08.29"]
[SourceQuality "1"]

1. d4 Nf6 2. c4 c5 3. d5 b5 4. cxb5 a6 5. b6 e6 6. Nc3 Nxd5 7. Nxd5 exd5 8. Qxd5 Nc6 9. Nf3 Rb8 10. e4 Be7 11. Bc4 0-0 12. 0-0 Rxb6 13. Qh5 Qe8 14. e5 Nb4 15. b3 Bb7 16. a3 Nc2 17. Ra2 Be4 18. Rd1 Qa8 19. Rxd7 Rg6 20. Rxe7 Bxf3 21. Qxg6 hxg6 22. Rxc2 Bd5 23. Rd7 Bxc4 24. Rxc4 Rd8 25. Rxd8+ Qxd8 26. h3 Qd5 27. Be3 Qd1+ 28. Kh2 Qxb3 29. Rxc5 Qxa3 30. Rc8+ Kh7 31. Ra8 Qa1 32. g3 Qa2 33. Ra7 g5 34. Kg2 Kg6 35. Kf3 Qd5+ 36. Ke2 Kh5 37. Re7 Qb5+ 38. Kf3 Qc6+ 39. Ke2 g4 40. hxg4+ Kxg4 41. Ra7 Qc4+ 42. Kd2 Kf3 43. Kd1 a5 44. Kd2 a4 45. e6 Qa2+ 46. Kd3 Qxe6 47. Bd4 g6 48. Kd2 Qc4 0-1

[Event "DEN-ch cand"]
[Site "Svendborg"]
[Date "2016.03.23"]
[Round "2"]
[White "Larsen, Peter"]
[Black "Jepsen, Thomas Stausholm"]
[Result "1-0"]
[WhiteElo "2284"]
[BlackElo "2085"]
[PlyCount "107"]
[EventDate "2016.03.22"]
[EventType "swiss"]
[EventRounds "7"]
[EventCountry "DEN"]
[SourceTitle "EXT 2023"]
[Source "ChessBase"]
[SourceDate "2022.10.05"]
[SourceVersion "1"]
[SourceVersionDate "2022.10.05"]
[SourceQuality "1"]

1. e4 c5 2. Nf3 g6 3. d4 cxd4 4. Qxd4 Nf6 5. Nc3 Nc6 6. Qa4 Bg7 7. e5 Ng8 8. Bf4 f6 9. exf6 Nxf6 10. 0-0-0 0-0 11. Bc4+ Kh8 12. Rhe1 Nh5 13. Be3 Nf4 14. Ng5 Qa5 15. Nf7+ Kg8 16. Bxf4 Bxc3 17. Ng5+ Kg7 18. Qxa5 Bxa5 19. Re4 e6 20. Bd6 Rxf2 21. Nf3 Bd8 22. Bf1 Bf6 23. Bg3 Rxf1 24. Rxf1 d5 25. Re2 Bd7 26. Ne5 Nxe5 27. Bxe5 Bxe5 28. Rxe5 Rc8 29. Rf4 b5 30. Kd2 a5 31. a3 h6 32. h4 Rc4 33. Rxc4 bxc4 34. Kc3 Kf6 35. Kd4 Ba4 36. Re2 Kf5 37. g3 Kg4 38. Rxe6 Bxc2 39. h5 Kxh5 40. Kxd5 Kg4 41. Re3 Bb3 42. Kd4 h5 43. Kc3 Bd1 44. Kxc4 Bf3 45. b4 axb4 46. a4 b3 47. Kxb3 Bg2 48. Kc3 g5 49. Kd2 h4 50. gxh4 gxh4 51. Ke1 h3 52. Kf2 Bc6 53. Rg3+ Kh4 54. Rc3 1-0

[Event "DEN-ch Seniors 50+"]
[Site "Koge"]
[Date "2016.02.25"]
[Round "5"]
[White "Hartung Nielsen, Jens"]
[Black "Larsen, Peter"]
[Result "0-1"]
[WhiteElo "2197"]
[BlackElo "2258"]
[PlyCount "226"]
[EventDate "2016.02.21"]
[EventType "swiss"]
[EventRounds "7"]
[EventCountry "DEN"]
[SourceTitle "EXT 2018"]
[Source "ChessBase"]
[SourceDate "2017.10.13"]
[SourceVersion "1"]
[SourceVersionDate "2017.10.13"]
[SourceQuality "1"]

1. e4 c6 2. c4 d5 3. cxd5 cxd5 4. exd5 Nf6 5. Nc3 Nxd5 6. Nf3 Nc6 7. Qb3 Nb6 8. d4 e6 9. Bb5 Bd7 10. 0-0 Be7 11. Be3 0-0 12. Qd1 Nb4 13. Be2 Rc8 14. Ne5 Be8 15. Bf3 N4d5 16. Nxd5 Nxd5 17. Qb3 Qa5 18. Bxd5 Qxd5 19. Qxd5 exd5 20. Rfc1 Bb5 21. Bd2 f6 22. Ng4 Rfe8 23. Ne3 Bc6 24. a3 Bd6 25. Nf5 Bc7 26. Bb4 Kf7 27. Nd6+ Bxd6 28. Bxd6 Re2 29. b4 Rd2 30. b5 Bd7 31. Rxc8 Bxc8 32. Bf4 Rxd4 33. Be3 Ra4 34. b6 d4 35. Bd2 axb6 36. Bb4 Bf5 37. Rd1 d3 38. g4 Be4 39. Re1 Bf3 40. Re7+ Kg6 41. Rd7 Be2 42. f4 Bxg4 43. Rxd3 Ra8 44. Rg3 Kf5 45. h3 Be2 46. Rxg7 h5 47. Kf2 Ba6 48. Rf7 Rc8 49. Rf8 Rc4 50. Kg3 Re4 51. Bd6 Re3+ 52. Kg2 Bb5 53. Be5 Bc6+ 54. Kh2 Ke4 55. Bxf6 Kf3 56. Rg8 Re2+ 57. Kg1 Kxf4 58. Bh4 Ra2 59. Rg3 Bf3 60. Rg6 Rxa3 61. Rxb6 Ra1+ 62. Kf2 Ra2+ 63. Kg1 Rg2+ 64. Kf1 Rh2 65. Rf6+ Ke4 66. Bg3 Rxh3 67. Kf2 Bh1 68. Rb6 Kd3 69. Rb4 Bc6 70. Bh4 Rf3+ 71. Kg1 Rf5 72. Kh2 Re5 73. Bf6 Re6 74. Bd8 Re4 75. Rb6 Kc4 76. Kg3 Kc5 77. Rb2 Rg4+ 78. Kh3 b5 79. Be7+ Kd5 80. Bb4 Bd7 81. Kh2 Rc4 82. Be7 Ke4 83. Bg5 Bc6 84. Kg3 Kd3 85. Be7 Rc2 86. Rb3+ Rc3 87. Rb2 Be8 88. Bf6 Rc2 89. Rb4 Rc4 90. Rb3+ Ke4 91. Be7 Kd5 92. Bf8 Bc6 93. Be7 Rg4+ 94. Kh2 Kc4 95. Rb2 Bd7 96. Bd6 Rh4+ 97. Kg3 Rh3+ 98. Kg2 Rb3 99. Rf2 Bc6+ 100. Kh2 Rd3 101. Be7 Be4 102. Rf4 Rd2+ 103. Kg3 Kd5 104. Rf6 Rd3+ 105. Kh4 Bf3 106. Rf4 Rd4 107. Kg5 Rxf4 108. Kxf4 Bg4 109. Ke3 Kc4 110. Kd2 Bf5 111. Kc1 Kd3 112. Kd1 Bg4+ 113. Ke1 Kc3 0-1

[Event "DEN-ch Seniors 50+"]
[Site "Koge"]
[Date "2016.02.21"]
[Round "1"]
[White "Grafmoller, Torben"]
[Black "Larsen, Peter"]
[Result "0-1"]
[WhiteElo "1811"]
[BlackElo "2258"]
[PlyCount "94"]
[EventDate "2016.02.21"]
[EventType "swiss"]
[EventRounds "7"]
[EventCountry "DEN"]
[SourceTitle "EXT 2018"]
[Source "ChessBase"]
[SourceDate "2017.10.13"]
[SourceVersion "1"]
[SourceVersionDate "2017.10.13"]
[SourceQuality "1"]

1. Nf3 g6 2. g3 Bg7 3. Bg2 e5 4. d3 d6 5. e4 Nc6 6. Nbd2 f5 7. c3 Nf6 8. 0-0 0-0 9. Qb3+ Kh8 10. Ng5 Qe8 11. h4 h6 12. Ngf3 f4 13. Re1 fxg3 14. fxg3 Nh5 15. Nf1 Be6 16. Qc2 Qd7 17. Be3 Rf7 18. N3h2 Raf8 19. Re2 d5 20. Bc5 Rg8 21. Rf2 d4 22. Rxf7 Bxf7 23. c4 Bf8 24. Bxf8 Rxf8 25. Qd2 Kg7 26. Re1 Be6 27. a3 Nd8 28. Re2 c5 29. Rf2 Nf6 30. b4 b6 31. bxc5 bxc5 32. Qa5 Qe7 33. Rb2 Bg4 34. Nxg4 Nxg4 35. Nh2 Ne3 36. Bh3 h5 37. Qa6 g5 38. Qc8 gxh4 39. gxh4 Qxh4 40. Re2 Nf7 41. Qe6 Qg3+ 42. Bg2 Ng5 43. Qd7+ Rf7 44. Qc8 Ng4 45. Nxg4 Nh3+ 46. Kh1 Rf1+ 47. Bxf1 Qg1# 0-1

[Event "Marianske Lazne op 12th"]
[Site "Marianske Lazne"]
[Date "2013.01.19"]
[Round "1"]
[White "Larsen, Peter"]
[Black "Larsen, Flemming Bo"]
[Result "1/2-1/2"]
[WhiteElo "2209"]
[BlackElo "2242"]
[PlyCount "123"]
[EventDate "2013.01.19"]
[EventType "swiss"]
[EventRounds "9"]
[EventCountry "CZE"]
[SourceTitle "CBM 152 Extra"]
[Source "ChessBase"]
[SourceDate "2013.02.25"]
[SourceVersion "1"]
[SourceVersionDate "2013.02.25"]
[SourceQuality "1"]

1. d4 Nf6 2. c4 e6 3. Nc3 Bb4 4. e3 0-0 5. Nge2 d5 6. a3 Bd6 7. c5 Be7 8. b4 b6 9. Bb2 bxc5 10. bxc5 Ba6 11. f4 c6 12. Bc1 Nbd7 13. Bd2 Qc8 14. Qc2 Bd8 15. Qa4 Rb8 16. Nc1 Bxf1 17. Rxf1 Ng4 18. h3 Nh6 19. g4 a5 20. Qc2 f6 21. e4 dxe4 22. Nxe4 Nf7 23. Qc4 Re8 24. Kd1 Nf8 25. Nd3 Qd7 26. Nc3 Bc7 27. Kc2 Rbd8 28. Be3 Ng6 29. Rae1 Ne7 30. Bf2 Nd5 31. Nxd5 exd5 32. Qc3 Re4 33. Be3 Rde8 34. Nf2 R4e7 35. Bc1 Re2+ 36. Rxe2 Rxe2+ 37. Kd1 Re8 38. Re1 h5 39. f5 hxg4 40. hxg4 Ng5 41. Bxg5 fxg5 42. Qf3 Bf4 43. Nd3 Rxe1+ 44. Nxe1 Qb7 45. Kc2 a4 46. Qd3 Qb8 47. Ng2 Kf7 48. Ne1 Bg3 49. Nf3 Bf4 50. Ng1 Qb7 51. Nh3 Qb8 52. Nf2 Bg3 53. Nh3 Bh4 54. Qe3 Qh2+ 55. Kb1 Kf8 56. Nxg5 Bxg5 57. Qxg5 Qg1+ 58. Kc2 Qxd4 59. Qd8+ Kf7 60. Qd7+ Kf8 61. Qd6+ Kg8 62. Qe6+ 1/2-1/2

[Event "Politiken Cup 34th"]
[Site "Helsingor"]
[Date "2012.08.05"]
[Round "10"]
[White "Larsen, Peter"]
[Black "Bekker Jensen, Simon"]
[Result "0-1"]
[WhiteElo "2206"]
[BlackElo "2394"]
[PlyCount "70"]
[EventDate "2012.07.28"]
[EventType "swiss"]
[EventRounds "10"]
[EventCountry "DEN"]
[SourceTitle "CBM 149 Extra"]
[Source "ChessBase"]
[SourceDate "2012.08.24"]
[SourceVersion "1"]
[SourceVersionDate "2012.08.24"]
[SourceQuality "1"]

1. d4 Nf6 2. c4 g6 3. Nc3 Bg7 4. e4 d6 5. Nf3 0-0 6. Be2 Na6 7. 0-0 e5 8. d5 Nc5 9. Nd2 a5 10. Rb1 Nfd7 11. b3 f5 12. a3 Nf6 13. b4 Ncxe4 14. Ndxe4 fxe4 15. Be3 Nh5 16. Bxh5 gxh5 17. Nxe4 Bf5 18. f3 axb4 19. axb4 Qe8 20. Qe1 Qg6 21. Qh4 Ra3 22. Rbe1 Rb3 23. b5 Bxe4 24. fxe4 Rc3 25. Rxf8+ Bxf8 26. Rf1 Rxc4 27. Qd8 Qg7 28. Rf6 Qe7 29. Rxf8+ Qxf8 30. Qg5+ Kh8 31. Qh4 h6 32. Bg5 hxg5 33. Qxh5+ Kg7 34. Qxg5+ Kf7 35. Qf5+ Ke7 0-1